000 00566cam a2200181 4500
001 BFIL004517
008 s1970 ag spa
035 _aBUCI012789
245 1 0 _aTeoria de la literatura de los formalistas, Rusos /
_cpor Jakobson, Tinianov, Eichenbaum...(et.al.)
250 _a1a. ed.
260 _aBuenos Aires, Arg. :
_bSiglo veintiuno,
_c1970
300 _a235 p. ;
_c20 cm.
504 _aIncluye nota bibliografica
650 4 _aLiteratura Rusa
700 1 _aJakobson, Roman, coaut.
942 _2lcc
_cLIB
999 _c127195
_d127195